000 00460nam a2200181Ia 4500
005 20250508162529.0
008 008 250505s9999 xx 000 0 hin d
037 _aTextual
040 _aFEDL
_beng
_cFEDL
041 _ahin
_2eng
084 _aFH, AMR
_qFEDL
100 _aAmrita Pritam
245 0 _aMuhabbatnama
260 _aDelhi, India
_bSaraswati Vihar
_c1981
300 _a165p.
942 _cTEXL
_hFH, AMR
999 _c1377130
_d1377130